[Event "Asia U20 op"]
[Site "Sharjah"]
[Date "2013.04.01"]
[Round "4"]
[White "Tran, Tuan Minh"]
[Black "Ali, Rashid Ghanem"]
[Result "1-0"]
[WhiteElo "2310"]
[BlackElo "1741"]
[PlyCount "77"]
[EventDate "2013.03.30"]
[EventType "swiss"]
[EventRounds "9"]
[EventCountry "UAE"]
[SourceTitle "CBM 153 Extra"]
[Source "ChessBase"]
[SourceDate "2013.04.22"]
[SourceVersion "1"]
[SourceVersionDate "2013.04.22"]
[SourceQuality "1"]

1. d4 d5 2. Nf3 Nf6 3. c4 c6 4. Nc3 dxc4 5. a4 Bf5 6. Ne5 Nbd7 7. Nxc4 Nb6 8. e3 a5 9. Qb3 Nbd5 10. Nxd5 cxd5 11. Nb6 Rb8 12. Bb5+ Bd7 13. Nxd7 Nxd7 14. Qxd5 e6 15. Bxd7+ Qxd7 16. Qxa5 Bd6 17. 0-0 0-0 18. Bd2 b5 19. axb5 Rxb5 20. Qa4 Qb7 21. Bc3 Rh5 22. f4 Qe4 23. Rf3 Rh6 24. Rc1 Rg6 25. Kf2 Rh6 26. h3 Be7 27. Qc2 Qb7 28. Kg1 Rh5 29. e4 Rb5 30. Rg3 g6 31. Rf1 Qc7 32. Rgf3 Bf6 33. Qd3 Rb3 34. f5 exf5 35. exf5 Be7 36. fxg6 hxg6 37. d5 Bd6 38. Kh1 Qb8 39. Rxf7 1-0